| 000 | 00489nam a2200169Ia 4500 | ||
|---|---|---|---|
| 008 | 230917s9999||||xx |||||||||||||| ||und|| | ||
| 020 | _cRS995 | ||
| 040 |
_e234869 _aMAIN |
||
| 041 | _aEnglish | ||
| 082 | _a642.4 S63P | ||
| 100 | _aShiring, Stephen B | ||
| 245 | 0 | _aProfessional catering: Modern caterer's complete guide to success | |
| 260 |
_aNew Delhi _bCengage Learning _c2014 |
||
| 300 | _axiv, 428 p. | ||
| 500 | _a2404 07/10/2016 HBD16/6715 23/11/2016 IHTM (SFS) | ||
| 942 | _cBK | ||
| 999 |
_c19416 _d19416 |
||